000 01609nam0a22003251 4500
001 rc\3809721
005 20260405201607.0
021 _aRU
_b[76-23868]
035 _a(NLR Aleph) 007260337
090 _a5300768
_c5300768
100 _a20120329d1976 |||y0rusy50 ca
101 1 _arus
_ceng
_csco
102 _aRU
105 _aa z |||||
200 1 _aДерево Свободы
_eАнгл. и шотланд. поэзия
_e[Для сред. и ст. возраста]
_fВ пер. И. Ивановского
_g[Послесл. Н. Дьяконовой
_gРис. А. Сколозубова]
205 _a2-е изд., доп.
210 _aЛенинград
_cДет. лит. Ленингр. отд-ние
_d1976
215 _a160 с.
_cил.
_d17
327 0 _aАвт.: В. Скотт; Р. Бернс; В. Вордсворт; Д. Байрон; Т. Мур; П. Шелли; Д. Китс; Нар. баллады
464 0 _12001#$aНародные баллады
_tНародные баллады
464 0 _1701#1$aСкотт$bВ.
_1701#1$aБернс$bР.$gРоберт$f1759-1796$cпоэт$3RU\NLR\AUTH\7725988
_1701#1$aВордсворт$bВ.
_1701#1$aБайрон$bД.
_1701#1$aМур$bТ.
_1701#1$aШелли$bП.
_1701#1$aКитс$bД.
702 1 _4080
_8rus
_7ca
_aДьяконова
_bН. Я.
_f1915-2013
_gНина Яковлевна
_3RU\NLR\AUTH\7789134
_972062
702 1 _aИвановский
_bИ.
_gИгн
_4730
702 1 _aСколозубов
_bА.
_4440
801 0 _aRU
_bNLR
_gpsbo
801 1 _aRU
_bELAR
_2rusmarc
852 _aNLR
_j76-2/1541
942 _cBOOK
980 _aNB